Dos màrtirs de ma pàtria, o siga Llucià i Marcià : poema en dos cants / Jacint Verdaguer ; a cura de Ricard Torrents poema en dos cants / Jacint Verdaguer ; a cura de Ricard Torrents
Descripción Física:
286 p. : il. ; 21'5 cm
Colección:
Jacint Verdaguer. Obra completa; 1. Sèrie A
MARC
| LEADER | 00000nam a2200000Ia 4500 | ||
|---|---|---|---|
| 001 | 11396 | ||
| 008 | 160829s1995 xx 000 0 cat d | ||
| 080 | |a L-1-100 | ||
| 100 | 1 | |a Verdaguer, Jacint, |d 1845-1902 |9 28800 | |
| 245 | |a Dos màrtirs de ma pàtria, o siga Llucià i Marcià : |b poema en dos cants / Jacint Verdaguer ; a cura de Ricard Torrents | ||
| 260 | |a Vic : |b Eumo : |b Societat Verdaguer, |c 1995 | ||
| 300 | |a 286 p. : |b il. ; |c 21'5 cm | ||
| 490 | |a Jacint Verdaguer. Obra completa; 1. Sèrie A | ||
| 590 | |a Amb la col·laboració del Departament de Cultura de la Generalitat de Catalunya i de la Diputació de Barcelona | ||
| 600 | 1 | 0 | |a Verdaguer, Jacint, |d 1845-1902 |x Crítica i interpretació |9 55235 |
| 700 | |a Torrents, Ricard |e editor literari |9 25501 | ||
| 700 | |a Societat Verdaguer |9 35454 | ||
| 710 | 2 | |a Catalunya. |b Departament de Cultura |9 52819 | |
| 710 | 1 | |a Barcelona (Catalunya : Província). |b Diputació |9 52408 | |
| 901 | |a Arxiu | ||
| 942 | |n 1 |2 udc | ||
| 952 | |0 0 |1 0 |4 0 |6 L1100 |7 1 |9 46908 |a Arxiu |b Arxiu |d 2016-12-01 |l 0 |o L-1-100 |p 11396 |r 2016-12-01 00:00:00 |w 2016-12-01 |y ARXIU | ||
| 999 | |c 50701 |d 50701 | ||